000 01424cam a22001814a 4500
005 20250605164055.0
008 250528s ||||||||||||||||||||||||d
035 _a17449
040 _aGR-AtMCL
_bgre
_dGR-AtMCL
_eAACR2
245 1 _aΜαθήματα Στατικής V / Πλαστική Ανάλυση Ραβδωτών Φορεών - Σύγχρονες Μεθόδοι
260 _bΕθνικό Μετσόβιο Πολυτεχνείο,
_c1996
300 _a138
520 _aΠρόλογος, Πλαστική Επίλυση και Σχεδιασμός με Γραμμικό Προγραμματισμό, Μια Γενική Διατύπωση της Πλαστικής Επίλυσης και του Σχεδιασμού με ΓΠ, Υπολογιστική Μέθοδος Ευρέσεως των Ανεξάρτητων Μηχανισμών Καταρρεύσεως, Παραδείγματα Πλαστικής Επίλυσης και Σχεδιασμού με Γραμμικό Προγραμματισμό και Χρήση Η/Υ, Η Ελαστοπλαστική Μέθοδος ''Βήμα προς Βήμα'', Παραδείγματα Ελαστοπλαστικής Ανάλυσης με τη Μέθοδο ''Βήμα προς Βήμα'' και Χρήση Η/Υ, Βιβλιογραφία, Παράρτημα.
700 1 _aΠαπαδρακάκης Μ
_93591
942 _cBK
999 _c2865
_d2865